| 000 | 01060nam a2200217 a 4500 | ||
|---|---|---|---|
| 001 | BRCA_9073 | ||
| 005 | 20190320210519.0 | ||
| 008 | 050917s1757----sp-#######---#000-0#lat-# | ||
| 041 | _alat | ||
| 044 | _asp | ||
| 084 |
_aCO30 _b.C67 1757 |
||
| 245 | 1 | 0 |
_aCorpus juris canonici academicum _cemendatum et notis P. Lancellotti illustratum ; in duos tomos distributum, usuique moderno ad modum Christoph Henr. Freiesleben, alais Ferromontani ... accesserunt loci communes uberrimi et indices titulorum canonumque omnium summa diligentia ac nova methodo consinnati ; Tomus primus. |
| 260 |
_aColoniae Munatianae _bImpensis thurnisii, Joh. Rudolphi Filii, Bibliop. & Typogr. _c1757 |
||
| 300 |
_a1275 p. (t.1) _c24 x 18.5 cm |
||
| 500 | _aCum privilegiis caesareis et saxonicis | ||
| 500 | _aEstado físico: presenta encuadernación en pergamino con cintas rotas, lomo semi desprendido | ||
| 650 | 1 | 4 |
_aDerecho canónico _yObras anteriores a 1800 _922085 |
| 700 | 1 |
_aLancellotti, Giovanni Paolo _d1522-1590 _ecolaborador _922437 |
|
| 902 | _aCFM | ||
| 942 |
_2lcc _cB |
||
| 999 |
_c8723 _d8723 |
||